| 000 | 01052nac a22002777a 4500 | ||
|---|---|---|---|
| 001 | BR8807860 | ||
| 003 | BR-BrBNA | ||
| 005 | 20240105120910.0 | ||
| 008 | 230509b bl.|||m| |||| 00| 0 por d | ||
| 040 |
_aBR-BrBNA _bpor _cBiblioteca Nacional de Agricultura |
||
| 072 | _aL73 | ||
| 090 | _a5212 BR8807860 | ||
| 100 | 1 | _aLiberal, M.H.T. | |
| 100 | 1 | _aRamijn, P.C. | |
| 110 | 1 | _aEmpresa de Pesquisa Agropecuaria do Estado do Rio de Janeiro, Niteroi (Brasil) | |
| 245 | 1 | _aCasos de micoplasmose bovina diagnosticados em Cantagalo - Rio de Janeiro no periodo de 1980 a 1984 | |
| 246 | 1 | _a[Some cases of bovines mycoplasmes in Cantagalo, Rio de Janeiro, Brazil in the period of 1980 to 1984] | |
| 260 | 3 |
_aNiteroi, RJ (Brasil): _c1988. |
|
| 300 | _a3 p. | ||
| 490 |
_aComunicado Tecnico - Empresa de Pesquisa Agropecuaria do Estado do Rio de Janeiro (Brazil) _vno. 193 _xISSN 0100-896X |
||
| 650 | _aBOVINO | ||
| 650 | _aMICOPLASMOSE | ||
| 650 | _aRIO DE JANEIRO | ||
| 909 |
_a202312 _bLúcia Elande _c55 _dLúcia Elande |
||
| 942 |
_2AGRIS _n0 _cMS |
||
| 999 |
_c282070 _d282070 |
||